Omeyas, bizantinos y mozárabes: en torno a la Prehistoria fabulosa de España de Ahmad Al-Razi
Na minha lista:
| Autor principal: | |
|---|---|
| Formato: | Livro |
| Idioma: | espanhol |
| Publicado em: |
Valladolid, España
Universidad de Valladolid
2004
|
| Colecção: | Serie Historia,
111 |
| Assuntos: | |
| Tags: |
Adicionar Tag
Sem tags, seja o primeiro a adicionar uma tag!
|
MARC
| LEADER | 00000nam a2200000 a 4500 | ||
|---|---|---|---|
| 001 | UCI0120 | ||
| 003 | CL-VaPUC | ||
| 005 | 20211026155959.0 | ||
| 008 | 070420e20040000SP |||||||||||||||||spa|d | ||
| 999 | |c 325408 |d 325406 | ||
| 020 | |a 8484483118 | ||
| 040 | |c Pontificia Universidad Católica de Valparaíso | ||
| 082 | 0 | 4 | |a 946.02 MAT 2004 |2 21 |
| 100 | |a Matesanz Gascón, Roberto |e autor |9 520241 | ||
| 245 | 1 | 0 | |a Omeyas, bizantinos y mozárabes: |b en torno a la Prehistoria fabulosa de España de Ahmad Al-Razi |
| 260 | |a Valladolid, España |b Universidad de Valladolid |c 2004 | ||
| 300 | |a 186 páginas | ||
| 490 | 0 | |a Serie Historia, |v 111 | |
| 583 | |a last modification |c 20160817 04:01:30 |k Rodrigo Vera | ||
| 600 | 0 | 7 | |a OMEYAS |2 CL-VaPUC |9 444016 |z ESPAÑA |
| 600 | 0 | 7 | |a BIZANTINOS |2 CL-VaPUC |9 520242 |z ESPAÑA |
| 600 | 0 | 7 | |a MOZARABES |2 CL-VaPUC |9 520243 |z ESPAÑA |
| 600 | 0 | 7 | |a RAZI, AHMAD IBN MUHAMMAD |2 CL-VaPUC |9 520244 |
| 650 | 7 | |a HISTORIA DE ESPAÑA |2 CL-VaPUC |9 443966 |y SIGLO 10 | |
| 852 | |a BIBCUR | ||
| 942 | |c BK |2 ddc | ||
| 945 | |d 20070420 00:00:00 |a lvergara | ||
| 952 | |0 0 |1 0 |2 ddc |4 0 |6 946_020000000000000_MAT_2004 |7 0 |8 A |9 406280 |a BIBHIS |b BIBHIS |d 2019-11-22 |i 4331079 |o 946.02 MAT 2004 |p 4331079 |r 2025-01-20 |t 1 |w 2019-11-22 |y BK |k HIS | ||